| 000 | 00411nam a2200181Ia 4500 | ||
|---|---|---|---|
| 100 | _aKaufman/Charlie | ||
| 650 | _aNetwork Security | ||
| 250 | _a2 | ||
| 942 | _cBK | ||
| 366 | _f25 | ||
| 654 | _anetwork security | ||
| 245 | _aNetwork security and private communication in a public world | ||
| 260 |
_bPRINTICE HALL _c2002 |
||
| 082 |
_a5.8 _bKAU |
||
| 300 | _a713 | ||
| 546 | _aENGLISH | ||
| 999 |
_c26868 _d26868 |
||